Portabandiera italiani alle Olimpiadi Invernali - Statistics

Statistiche generali
  • Questo quiz è stato fatto 31 volte
    19 dall'ultimo reset
  • Il punteggio medio è 9 su 28
Statistiche sulle risposte
Edizione Portabandiera Sport praticato % Corretto
Albertville 1992 Alberto Tomba Sci alpino
94%
Milano-Cortina 2026 Federica Brignone Sci alpino
78%
Milano-Cortina 2026 Amos Mosaner Curling
72%
Pyeongchang 2018 Arianna Fontana Short track
72%
Milano-Cortina 2026 Arianna Fontana Short track
72%
Torino 2006 Carolina Kostner Pattinaggio artistico
72%
Lillehammer 1994 Deborah Compagnoni Sci alpino
72%
Salt Lake City 2002 Isolde Kostner Sci alpino
72%
Milano-Cortina 2026 Federico Pellegrino Sci di fondo
61%
Vancouver 2010 Giorgio Di Centa Sci di fondo
50%
Pechino 2022 Michela Moioli Snowboard
44%
Soči 2014 Armin Zöggeler Slittino
39%
Innsbruck 1976 Gustav Thöni Sci alpino
28%
Lake Placid 1980 Gustav Thöni Sci alpino
28%
Innsbruck 1964 Eugenio Monti Bob
22%
Nagano 1998 Gerda Weissensteiner Slittino
6%
Garmisch-Partenkirchen 1936 Adriano Guarnieri Sci alpino
0%
Squaw Valley 1960 Bruno Alberti Sci alpino
0%
Grenoble 1968 Clotilde Fasolis Sci alpino
0%
Lake Placid 1932 Erminio Sertorelli Sci di fondo
0%
Sankt Moritz 1928 Ferdinando Glück Sci di fondo
0%
Oslo 1952 Fides Romanin Sci di fondo
0%
Chamonix-Mont-Blanc 1924 Leonardo Bonzi Bob
0%
Sapporo 1972 Luciano De Paolis Bob
0%
Cortina d'Ampezzo 1956 Nilo Zandanel Salto con gli sci
0%
Sarajevo 1984 Paul Hildgartner Slittino
0%
Calgary 1988 Paul Hildgartner Slittino
0%
Sankt Moritz 1948 Vittorio Chierroni Sci alpino
0%
Nessun quiz corrispondente trovato
Distribuzione punteggi
Percentuale di utenti per punteggio
Percentile per numero di risposta
I tuoi punteggi nel tempo
Non hai fatto questo quiz dall'ultimo reset